000 02090cam a22005294i 4500
003 PE-LiUPU
005 20250731165444.0
008 161010s2002 r 000 0 spa d
020 _a8467002174
_q(volumen 8)
020 _a8467002182
_q(volumen 9)
035 _a(Sirsi) a164096
040 _aPE-LiUPU
_bspa
_cPE-LiUPU
_erda
049 _aPRUA
082 0 4 _aRC 416
_bD7
_220
245 _aDiccionario español-inglés.
264 0 1 _aMadrid
_bEspasa Calpe
_c[2002]
300 _a2 v.(XIV, 391 páginas.)
_c28 centimetros.
336 _atext
_2rdacontent
337 _aunmediated
_2rdamedia
338 _avolume
_2rdacarrier
490 0 _aBiblioteca de la lengua
_v8-9
505 0 _gVolumen 8.
_A-H.
505 0 _gVolumen 9
_I-Z.
526 _aSEG44
526 _aSEG26
526 _aP151
526 _aP150
526 _aP149
526 _aP146
526 _aP145
526 _aP126
526 _aP125
526 _aP92
526 _aP75
526 _aP74
526 _aP27
526 _aP15
650 0 7 _aLengua española
_vDiccionarios
_xInglés.
910 _ajck
_bjos
_cjck
_d20161010
942 _2ddc
_cBOOK
949 _aRC 416 D7
_wDEWEY
_c1
_i75016
_lCATALOGING
_mBUL
_p50.00
_r0
_sY
_tBOOK
_u2016-10-10
_xEDUCACION
_zEDUCACION
_0COMPRA
_o.CIRCNOTE. El documento es de alto precio.
_o.STAFF. Colección Ciencias Humanas y Educación
949 _aRC 416 D7
_wDEWEY
_c1
_i75017
_lCATALOGING
_mBUL
_p50.00
_r0
_sY
_tBOOK
_u2016-10-10
_xEDUCACION
_zEDUCACION
_0COMPRA
_o.CIRCNOTE. El documento es de alto precio.
_o.STAFF. Colección Ciencias Humanas y Educación
596 _a1
999 _a RC 416 D7
_wDEWEY
_c12949
_i75016
_f2021-11-9
_g5
_lCCODEBUL1
_mBUL
_p50.00
_r0
_sY
_tBOOK
_u2016-10-10
_xEDUCACION
_PP14
_0DONACION
_o.STAFF. Colección Ciencias Humanas y Educación
_d12949
999 _a RC 416 D7
_wDEWEY
_c2
_i75017
_f2021-11-9
_g5
_lCCODEBUL1
_mBUL
_p50.00
_r0
_sY
_tBOOK
_u2016-10-10
_xEDUCACION
_PP14
_0DONACION
_o.STAFF. Colección Ciencias Humanas y Educación
980 _81
_gALBERTO SANCHEZ Responsable de Automatización